| 000 | 01417nam a2200253Ia 4500 | ||
|---|---|---|---|
| 001 | 19585 | ||
| 003 | GE_BSU | ||
| 008 | 181216s||||||||xx |||||||||||||| ||und|| | ||
| 020 | _a9789941018039 | ||
| 040 | _cGE_BSU | ||
| 080 | _a017.1(479.22)+017.1 | ||
| 245 | _aვახტანგ VI-ის სტამბის გამოცემები (1709-1722). საქართველოს პარლამენტის ეროვნული ბიბლიოთეკის კოლექციის აღწერილობა | ||
| 245 | _cშემდგ. დალი მაჩაიძე. რედ. მიხეილ ქავთარია. ფერიდე კვაჭანტირაძე | ||
| 260 | _aთბილისი | ||
| 260 | _bინტელექტი | ||
| 260 | _c2009 | ||
| 300 | _a165გვ.ილ. | ||
| 300 | _eსახელთა საძიებელი: გვ. 136-139 - დანართი: გვ. 141-164 | ||
| 541 | _h6ლ.10თ. | ||
| 653 | _aბიბლიოთეკარი | ||
| 653 | _aვახტანგ VI-ის სტამბის გამოცემები (1709-1722). საქართველოს პარლამენტის ეროვნული ბიბლიოთეკის კოლექციის აღწერილობა | ||
| 653 | _aქსეროქსი | ||
| 942 | _cBK | ||
| 999 |
_c52561 _d52561 |
||